| 000 | 00629nam a2200229Ia 4500 | ||
|---|---|---|---|
| 001 | 21659 | ||
| 003 | DO-CoUTE | ||
| 005 | 20260204212545.0 | ||
| 008 | 220104s9999 dr 000 0 spa d | ||
| 020 | _a84-278-0772-4 | ||
| 040 |
_aDO-CoUTE _bspa _cDO-CoUTE |
||
| 041 | 0 | _aspa | |
| 082 | _aR 036 B261e (CRF) | ||
| 100 | 1 | _aBarnet. J. | |
| 245 | 1 | 0 | _aEnciclopedia practica del estudiante : Enciclopedia universal / J. Barnet |
| 260 | _aBarcelo, españa: Ediciones nauta | ||
| 300 | _a280 páginas | ||
| 650 | 4 | _aEducación | |
| 942 |
_2ddc _cBK |
||
| 999 |
_c20442 _d20442 |
||